| 000 | 01624nam0a22003731 4500 | ||
|---|---|---|---|
| 001 | RU\NLR\A1\20708 | ||
| 005 | 20251203152403.2 | ||
| 035 | _a(NLR Aleph) 009676165 | ||
| 090 |
_a13474834 _c13474834 |
||
| 100 | _a19990724d1797 u y0rusy50 ca | ||
| 101 | 0 |
_arus _agrc _alat _ager _afre |
|
| 102 | _aRU | ||
| 200 | 1 |
_aТоржество Лаврских муз, всемилостивейшим посещением Павла Перваго... обрадованных, его имп. величеству с благоговением изъявляющих свои всерадостныя и благодарныя чувствия. _e1797 года, апреля дня |
|
| 210 |
_aМ. _cУнив. тип., у Хр.Ридигера и Хр.Клаудия _d[1797] |
||
| 215 |
_a39 с. _d4° |
||
| 300 | _aСтихи и речи | ||
| 303 | _aТекст на рус., лат., греч., нем. и фр. яз. | ||
| 321 | 1 | _aСК XVIII 7297 | |
| 600 | 0 |
_aПавел _cимп. _dI _f1754-1801 |
|
| 620 | _dМосква | ||
| 702 | 1 |
_aРидигер _bХ. _gХристиан _4610 |
|
| 702 | 1 |
_aКлаудий _bХ.А. _f-1805 _gХристофор Александрович _4610 |
|
| 702 | 1 |
_aДержавин _bГ.Р. _f1743-1816 _gГаврила Романович _4390 |
|
| 712 | 0 | 2 |
_aМосковский университет _bТипография _4610 |
| 801 | 0 |
_aRU _bNLR _c19990724 |
|
| 852 |
_aNLR _bОР _jФ.247 (Державин Г.Р.). Т.22. 35 |
||
| 899 | _aРГБ | ||
| 899 | _aБАН | ||
| 899 | _aМГУ | ||
| 899 | _aЯИАМЗ | ||
| 942 | _cBOOK | ||
| 980 | _aA1XVIIIv | ||
| 980 | _aNB | ||